[Event "Southend op 59th"]
[Site "Southend"]
[Date "2015.04.04"]
[Round "4"]
[White "Wilcox, Keith A"]
[Black "Pattni, Kishan"]
[Result "1-0"]
[WhiteElo "1745"]
[BlackElo "1689"]
[PlyCount "35"]
[EventDate "2015.04.03"]
[EventType "swiss"]
[EventRounds "7"]
[EventCountry "ENG"]
[SourceTitle "EXT 2017"]
[Source "ChessBase"]
[SourceDate "2016.10.25"]
[SourceVersion "1"]
[SourceVersionDate "2016.10.25"]
[SourceQuality "1"]

1. b3 e5 2. Bb2 Nc6 3. e3 f5 4. Bb5 d6 5. d4 exd4 6. Bxd4 Nf6 7. Nf3 Be7 8. Nbd2 0-0 9. Bb2 Bd7 10. 0-0 Ng4 11. h3 Nge5 12. Be2 Bf6 13. Nc4 Nxf3+ 14. Bxf3 Bxb2 15. Nxb2 Qf6 16. Nd3 Rae8 17. Nf4 Nd8 18. Nd5 1-0

[Event "Southend op 59th"]
[Site "Southend"]
[Date "2015.04.03"]
[Round "1"]
[White "Burnett, Jim"]
[Black "Pattni, Kishan"]
[Result "1-0"]
[WhiteElo "2121"]
[BlackElo "1689"]
[PlyCount "131"]
[EventDate "2015.04.03"]
[EventType "swiss"]
[EventRounds "7"]
[EventCountry "ENG"]
[SourceTitle "EXT 2017"]
[Source "ChessBase"]
[SourceDate "2016.10.25"]
[SourceVersion "1"]
[SourceVersionDate "2016.10.25"]
[SourceQuality "1"]

1. d4 Nf6 2. c4 e6 3. Nf3 b6 4. a3 Bb7 5. Nc3 d5 6. cxd5 Nxd5 7. e3 Be7 8. Bb5+ c6 9. Bd3 0-0 10. 0-0 c5 11. Qe2 Qc8 12. Bd2 Ba6 13. dxc5 Nxc3 14. Bxc3 Bxc5 15. b4 Bxd3 16. Qxd3 Be7 17. Rac1 Qb7 18. Rfd1 Nc6 19. Qe4 Rfd8 20. Nd4 Rd6 21. b5 Nd8 22. Qxb7 Nxb7 23. Bb4 Rd7 24. Bxe7 Rxe7 25. Nc6 Rc7 26. Nxa7 Rxc1 27. Rxc1 Nc5 28. Rd1 g6 29. Nc6 Rxa3 30. g4 Rd3 31. Rxd3 Nxd3 32. Ne7+ Kf8 33. Nc8 Ne5 34. Nxb6 Nxg4 35. Nc4 Ke7 36. f3 Nf6 37. e4 Nd7 38. e5 g5 39. Kf2 f6 40. exf6+ Kxf6 41. Ke3 e5 42. b6 Nc5 43. Nd6 Nd7 44. b7 Ke6 45. Ne4 Kf5 46. h3 h5 47. Nc5 Nb8 48. Nd3 Nd7 49. Nb4 g4 50. fxg4+ hxg4 51. h4 e4 52. Kf2 Kf4 53. Nd5+ Ke5 54. h5 Kf5 55. h6 Kg6 56. h7 Kg7 57. Kg3 e3 58. Nxe3 Kxh7 59. Nxg4 Kg7 60. Kf4 Kf8 61. Ne5 Nb8 62. Ke4 Ke8 63. Kd5 Na6 64. Kd6 Nb8 65. Kc7 Na6+ 66. Kb6 1-0

[Event "Hampstead op U2200 12"]
[Site "Hampstead"]
[Date "2013.12.22"]
[Round "4"]
[White "Pattni, Kishan"]
[Black "Olutola, Taiwo"]
[Result "1-0"]
[WhiteElo "1715"]
[BlackElo "1503"]
[PlyCount "169"]
[EventDate "2013.12.21"]
[EventType "swiss"]
[EventRounds "5"]
[EventCountry "ENG"]
[SourceTitle "EXT 2015"]
[Source "ChessBase"]
[SourceDate "2014.11.20"]
[SourceVersion "1"]
[SourceVersionDate "2014.11.20"]
[SourceQuality "1"]

1. d4 d5 2. c4 Nf6 3. Nc3 e6 4. Nf3 Be7 5. Bf4 c6 6. e3 0-0 7. Bd3 Nbd7 8. 0-0 dxc4 9. Bxc4 b6 10. Rc1 Bb7 11. Re1 Rc8 12. e4 Re8 13. a3 Nf8 14. e5 Nd5 15. Nxd5 exd5 16. Ba2 Ne6 17. Be3 Ng5 18. Nd2 Ne6 19. Qg4 Bg5 20. f4 Bh6 21. Bb1 Nf8 22. f5 Bxe3+ 23. Rxe3 f6 24. Nf3 fxe5 25. dxe5 c5 26. Ng5 Qd7 27. Rh3 Rxe5 28. Nxh7 Nxh7 29. Rxh7 Qe7 30. Rf1 Qf6 31. Qh5 Kf8 32. Rh8+ Ke7 33. Rxc8 Bxc8 34. Qh8 Qf8 35. f6+ gxf6 36. Qxf8+ Kxf8 37. Rxf6+ Ke7 38. Rf2 Re1+ 39. Rf1 Rxf1+ 40. Kxf1 c4 41. Ke2 Kf6 42. Ke3 Ke5 43. Bh7 d4+ 44. Kd2 Bd7 45. Bg8 b5 46. a4 a6 47. Bf7 Be6 48. Be8 bxa4 49. Bxa4 Kf6 50. Bc6 Ke5 51. Bb7 a5 52. g3 Bd5 53. Bc8 Be6 54. Bb7 Kf5 55. Bf3 Ke5 56. h4 Bd5 57. Be2 Kf5 58. g4+ Kg6 59. Bd1 Bf7 60. Bc2+ Kg7 61. Bf5 Kf6 62. Bd7 Ke7 63. Bc8 Be6 64. Ba6 Kf6 65. Bb5 Ke5 66. h5 Kf6 67. h6 Kg6 68. g5 Bg8 69. Kc2 Kxg5 70. Bxc4 Bh7+ 71. Bd3 Kxh6 72. Bxh7 Kxh7 73. Kd3 Kg7 74. Kxd4 Kf8 75. Kc5 Ke7 76. Kb5 a4 77. Kxa4 Kd7 78. Kb5 Kc7 79. Ka6 Kb8 80. Kb6 Ka8 81. b4 Kb8 82. Kc6 Kc8 83. b5 Kb8 84. Kb6 Ka8 85. Kc7 1-0

[Event "London Classic op 5th"]
[Site "London"]
[Date "2013.12.13"]
[Round "7"]
[White "Barasi, Paul Dl"]
[Black "Pattni, Kishan"]
[Result "1-0"]
[WhiteElo "1914"]
[BlackElo "1715"]
[PlyCount "83"]
[EventDate "2013.12.07"]
[EventType "swiss"]
[EventRounds "9"]
[EventCountry "ENG"]
[SourceTitle "CBM 157 Extra"]
[Source "ChessBase"]
[SourceDate "2013.12.19"]
[SourceVersion "1"]
[SourceVersionDate "2013.12.19"]
[SourceQuality "1"]

1. d4 Nf6 2. Bg5 e6 3. e4 Be7 4. e5 Nd5 5. Bxe7 Qxe7 6. c4 Nb6 7. Nf3 d5 8. c5 N6d7 9. Nc3 c6 10. Bd3 0-0 11. 0-0 a5 12. a3 f6 13. exf6 Qxf6 14. Re1 b6 15. cxb6 Nxb6 16. Qe2 Na6 17. Qe3 Nc7 18. Ne5 Bb7 19. Rac1 Rad8 20. Ne2 Rd6 21. Qg3 Nd7 22. Ng6 Ne8 23. Nxf8 Nxf8 24. f4 g6 25. Qe3 Ng7 26. Rc5 Qd8 27. Qd2 Qb6 28. Qc3 Nd7 29. Rxa5 e5 30. Qb4 e4 31. Qxd6 exd3 32. Qb4 dxe2 33. Qxb6 Nxb6 34. Ra7 Bc8 35. Rxe2 Kf8 36. a4 Be6 37. a5 Nc4 38. a6 Nb6 39. Rb7 Nc8 40. a7 Nxa7 41. Rxa7 Bf7 42. Ree7 1-0

[Event "London op Congress August U1900"]
[Site "London"]
[Date "2013.08.24"]
[Round "1"]
[White "Pattni, Kishan"]
[Black "Balouka Myers, Gabriel"]
[Result "1-0"]
[WhiteElo "1727"]
[BlackElo "1580"]
[PlyCount "63"]
[EventDate "2013.08.24"]
[EventType "swiss"]
[EventRounds "6"]
[EventCountry "ENG"]
[SourceTitle "EXT 2023"]
[Source "ChessBase"]
[SourceDate "2022.10.05"]
[SourceVersion "1"]
[SourceVersionDate "2022.10.05"]
[SourceQuality "1"]

1. d4 d5 2. c4 e6 3. Nc3 c5 4. Nf3 Nc6 5. cxd5 exd5 6. Bf4 Bf5 7. a3 c4 8. e3 Qa5 9. Be2 Nf6 10. 0-0 Be7 11. Ne5 Rc8 12. Bf3 Be6 13. Re1 b5 14. a4 b4 15. Ne2 0-0 16. h3 Rfd8 17. g4 Nd7 18. Nxc6 Rxc6 19. Ng3 Rdc8 20. e4 Nb6 21. Nf5 Bf8 22. h4 g6 23. Nh6+ Kh8 24. exd5 Bxd5 25. Re5 Bd6 26. Nxf7+ Kg8 27. Nxd6 Rxd6 28. Qe2 Bxf3 29. Re8+ Rxe8 30. Qxe8+ Kg7 31. Bxd6 Qd5 32. Qf8# 1-0

[Event "Hampstead op U2200 07"]
[Site "Hampstead"]
[Date "2013.07.21"]
[Round "4"]
[White "Pattni, Kishan"]
[Black "Nixon, Rodney J"]
[Result "0-1"]
[WhiteElo "1727"]
[BlackElo "1971"]
[PlyCount "62"]
[EventDate "2013.07.20"]
[EventType "swiss"]
[EventRounds "5"]
[EventCountry "ENG"]
[SourceTitle "EXT 2023"]
[Source "ChessBase"]
[SourceDate "2022.10.05"]
[SourceVersion "1"]
[SourceVersionDate "2022.10.05"]
[SourceQuality "1"]

1. f4 e6 2. Nf3 b6 3. b3 Qf6 4. d4 Bb7 5. e3 Nc6 6. Bb2 Nge7 7. Nc3 Nd5 8. Nxd5 exd5 9. Bb5 Qe7 10. Qe2 f6 11. 0-0 0-0-0 12. a4 Re8 13. Rfe1 h6 14. Bxc6 dxc6 15. Qd3 g5 16. c4 Qh7 17. Qxh7 Rxh7 18. Bc3 Bd6 19. g3 c5 20. Nd2 cxd4 21. exd4 Rxe1+ 22. Rxe1 gxf4 23. gxf4 Bxf4 24. Re8+ Kd7 25. Rg8 Re7 26. Bb4 Re2 27. Rg7+ Ke8 28. Nf1 dxc4 29. bxc4 a5 30. Ba3 Ra2 31. Rg4 h5 0-1

[Event "London Classic op 4th"]
[Site "London"]
[Date "2012.12.03"]
[Round "3"]
[White "Cannon, Raymond Charles"]
[Black "Pattni, Kishan"]
[Result "1-0"]
[WhiteElo "1998"]
[BlackElo "1747"]
[PlyCount "87"]
[EventDate "2012.12.01"]
[EventType "swiss"]
[EventRounds "9"]
[EventCountry "ENG"]
[SourceTitle "CBM 151 Extra"]
[Source "ChessBase"]
[SourceDate "2012.12.18"]
[SourceVersion "1"]
[SourceVersionDate "2012.12.18"]
[SourceQuality "1"]

1. e4 c5 2. b3 e5 3. Bb2 d6 4. Nc3 Nc6 5. Nf3 Be7 6. Nd5 Nh6 7. Bc4 0-0 8. Qe2 a6 9. a4 Na5 10. Nxe7+ Qxe7 11. Bd5 Be6 12. Bxe6 Qxe6 13. Bc3 Nc6 14. Qc4 Qg4 15. 0-0 Kh8 16. h3 Qf4 17. d3 Nd4 18. Bxd4 exd4 19. Qd5 b6 20. Rae1 f6 21. Qc6 Rab8 22. Re2 a5 23. Nh2 Nf7 24. Qd5 Qe5 25. Qc4 Nd8 26. f4 Qe8 27. Rfe1 Qc6 28. Nf3 Re8 29. Qd5 Rb7 30. Qh5 Rbe7 31. Nh4 Kg8 32. Nf5 Rf7 33. Qg4 Kh8 34. e5 fxe5 35. fxe5 dxe5 36. Rxe5 Rxe5 37. Rxe5 Qf6 38. Re8+ Rf8 39. Qe4 g6 40. Rxf8+ Qxf8 41. Qe5+ Kg8 42. Ne7+ Kf7 43. Nd5 Ne6 44. Qf6+ 1-0

[Event "Hampstead U2200 op 2nd"]
[Site "London"]
[Date "2012.11.25"]
[Round "5"]
[White "Pattni, Kishan"]
[Black "Oyama, Akito"]
[Result "0-1"]
[WhiteElo "1733"]
[BlackElo "1866"]
[PlyCount "104"]
[EventDate "2012.11.24"]
[EventType "swiss"]
[EventRounds "5"]
[EventCountry "ENG"]
[SourceTitle "EXT 2019"]
[Source "ChessBase"]
[SourceDate "2018.10.10"]
[SourceVersion "1"]
[SourceVersionDate "2018.10.10"]
[SourceQuality "1"]

1. c4 e5 2. Nc3 Nc6 3. d3 f5 4. e3 Nf6 5. a3 d6 6. f4 g6 7. g3 Bg7 8. Bg2 0-0 9. Nge2 Re8 10. h3 Kh8 11. 0-0 Be6 12. Nd5 Bf7 13. Rb1 e4 14. Nxf6 Bxf6 15. dxe4 Bxc4 16. exf5 gxf5 17. Re1 Bf7 18. b4 Ba2 19. Rb2 Bf7 20. Rb1 Ba2 21. Rb2 Bf7 22. Rd2 Rxe3 23. Rxd6 Qxd6 24. Qxd6 cxd6 25. Bxe3 Bc4 26. Bxc6 bxc6 27. Bd4 Kg7 28. Bxf6+ Kxf6 29. Nc3 a5 30. Na4 Ra6 31. Nb2 Be6 32. Kf2 axb4 33. axb4 Rb6 34. Nd3 Bc4 35. Re3 h5 36. Kf3 Bd5+ 37. Ke2 Bg2 38. h4 Be4 39. Kd2 Ra6 40. Nb2 Ke6 41. Kc3 Ra3+ 42. Kd2 Rxe3 43. Kxe3 Kd5 44. Kd2 Kd4 45. Nd1 Kc4 46. Ke3 Kxb4 47. Nf2 d5 48. g4 fxg4 49. Nxe4 dxe4 50. Kxe4 Kc5 51. Ke5 g3 52. f5 g2 0-1

[Event "London e2e4 Diamond Jubilee op"]
[Site "London"]
[Date "2012.06.05"]
[Round "6"]
[White "Pattni, Kishan"]
[Black "Humphreys, Jerry"]
[Result "0-1"]
[WhiteElo "1736"]
[BlackElo "2080"]
[PlyCount "72"]
[EventDate "2012.06.02"]
[EventType "swiss"]
[EventRounds "9"]
[EventCountry "ENG"]
[SourceTitle "CBM 148 Extra"]
[Source "ChessBase"]
[SourceDate "2012.06.22"]
[SourceVersion "1"]
[SourceVersionDate "2012.06.22"]
[SourceQuality "1"]

1. e4 c5 2. Nc3 e6 3. f4 Nc6 4. Nf3 d6 5. d4 cxd4 6. Nxd4 a6 7. Be2 Nf6 8. 0-0 Be7 9. Nb3 b5 10. Bf3 Bb7 11. Qe1 0-0 12. Be3 Re8 13. Nc1 Qc7 14. Qf2 Nd7 15. Nd3 Na5 16. Rae1 Rac8 17. Re2 Nc4 18. Bc1 Qa5 19. b4 Qb6 20. Nd1 Qxf2+ 21. N1xf2 Rc7 22. Ng4 Rec8 23. Ne3 Nxe3 24. Bxe3 Rxc2 25. Rff2 Rxe2 26. Rxe2 Rc4 27. Ba7 Nf6 28. e5 Bxf3 29. exf6 Bxe2 30. fxe7 Rc8 31. Bb6 Re8 32. Nc1 Bc4 33. Bd8 f6 34. Kf2 Kf7 35. Ke3 Rxe7 36. Bb6 e5 0-1

[Event "London e2e4 Diamond Jubilee op"]
[Site "London"]
[Date "2012.06.03"]
[Round "3"]
[White "Longson, Sarah N"]
[Black "Pattni, Kishan"]
[Result "1-0"]
[WhiteElo "2062"]
[BlackElo "1736"]
[PlyCount "43"]
[EventDate "2012.06.02"]
[EventType "swiss"]
[EventRounds "9"]
[EventCountry "ENG"]
[SourceTitle "CBM 148 Extra"]
[Source "ChessBase"]
[SourceDate "2012.06.22"]
[SourceVersion "1"]
[SourceVersionDate "2012.06.22"]
[SourceQuality "1"]

1. e4 c5 2. Nf3 Nc6 3. d4 cxd4 4. Nxd4 g6 5. Nxc6 bxc6 6. Qd4 f6 7. Bc4 Qb6 8. Qd3 Nh6 9. 0-0 Ng4 10. Bf4 Bg7 11. Nc3 d6 12. h3 Ne5 13. Bxe5 fxe5 14. a3 Rf8 15. b4 Rf6 16. b5 Be6 17. bxc6 Bxc4 18. Qxc4 Rf7 19. Nd5 Qa5 20. c7 Rc8 21. Qc6+ Kf8 22. Qd7 1-0

[Event "London e2e4 Diamond Jubilee op"]
[Site "London"]
[Date "2012.06.02"]
[Round "1"]
[White "Phillips, Owen S"]
[Black "Pattni, Kishan"]
[Result "1/2-1/2"]
[WhiteElo "1959"]
[BlackElo "1736"]
[PlyCount "135"]
[EventDate "2012.06.02"]
[EventType "swiss"]
[EventRounds "9"]
[EventCountry "ENG"]
[SourceTitle "CBM 148 Extra"]
[Source "ChessBase"]
[SourceDate "2012.06.22"]
[SourceVersion "1"]
[SourceVersionDate "2012.06.22"]
[SourceQuality "1"]

1. e4 c5 2. Nf3 Nc6 3. c4 g6 4. Nc3 Bg7 5. d3 d6 6. g3 Nf6 7. Bg2 0-0 8. 0-0 Bg4 9. h3 Be6 10. Ng5 Qd7 11. Be3 h6 12. Nxe6 Qxe6 13. Nd5 Ne8 14. Qd2 h5 15. Kh2 Qd7 16. h4 Ne5 17. f3 e6 18. Bh3 Nf6 19. Kg2 Rae8 20. Bh6 Nfg4 21. Bxg7 Kxg7 22. Nf4 Nh6 23. b3 Nc6 24. Qc3+ Kh7 25. Nd5 Ng8 26. f4 f5 27. exf5 exf5 28. Rae1 Qg7 29. Qxg7+ Kxg7 30. Kf2 a6 31. Nc7 Rc8 32. Ne6+ Kf7 33. Nxf8 Rxf8 34. Bg2 Nb4 35. Re3 Nc2 36. Bd5+ Kg7 37. Re6 Rd8 38. Bxb7 a5 39. Rd1 Nd4 40. Ree1 a4 41. Bd5 Nc2 42. Bxg8 Nxe1 43. Rxe1 Rxg8 44. bxa4 Kf6 45. Rb1 Ra8 46. Rb6 Ke6 47. d4 cxd4 48. c5 Rxa4 49. Rxd6+ Kf7 50. Ke2 Rxa2+ 51. Kd3 Rg2 52. Kxd4 Rxg3 53. Kd5 Rd3+ 54. Kc6 Rc3 55. Kb6 Rb3+ 56. Kc7 Rb4 57. c6 Rxf4 58. Kd7 Rxh4 59. c7 Rc4 60. Rc6 Rd4+ 61. Kc8 h4 62. Kb7 Rd7 63. Kb6 Rxc7 64. Rxc7+ Kf6 65. Kc5 Kg5 66. Kd4 Kf4 67. Rc1 h3 68. Rf1+ 1/2-1/2